[Event "Small Nations"]
[Site "?"]
[Date "2015.04.20"]
[Round "3.10"]
[White "Rodgaard, John"]
[Black "Hamperl, Fred"]
[Result "1-0"]
[BlackElo "2071"]
[WhiteElo "2340"]
[LiveChessVersion "1.4.5"]

1. Nf3 {[%clk 1:30:50]} c5 {[%clk 1:30:48]} 2. c4 {[%clk 1:30:27]} g6
{[%clk 1:29:27]} 3. d4 {[%clk 1:29:57]} Bg7 {[%clk 1:29:32]} 4. e4
{[%clk 1:28:46]} Nc6 {[%clk 1:29:25]} 5. dxc5 {[%clk 1:16:40]} Qa5+
{[%clk 1:28:29]} 6. Bd2 {[%clk 1:11:13]} Qxc5 {[%clk 1:28:47]} 7. Nc3
{[%clk 1:09:54]} Nf6 {[%clk 1:26:39]} 8. Be2 {[%clk 1:05:36]} O-O
{[%clk 1:24:58]} 9. O-O {[%clk 1:05:08]} Nd4 {[%clk 1:15:19]} 10. Nxd4
{[%clk 1:02:26]} Qxd4 {[%clk 1:15:47]} 11. Be3 {[%clk 0:58:30]} Qxd1
{[%clk 1:15:42]} 12. Rfxd1 {[%clk 0:58:51]} d6 {[%clk 1:15:28]} 13. f3
{[%clk 0:58:54]} Be6 {[%clk 1:09:42]} 14. Rac1 {[%clk 0:57:43]} Rfc8
{[%clk 1:07:53]} 15. b3 {[%clk 0:55:13]} Kf8 {[%clk 1:01:14]} 16. Kf1
{[%clk 0:53:53]} h5 {[%clk 0:59:09]} 17. Ke1 {[%clk 0:51:52]} Nd7
{[%clk 0:53:54]} 18. Kd2 {[%clk 0:41:05]} Nf6 {[%clk 0:49:27]} 19. Rc2
{[%clk 0:39:52]} Nd7 {[%clk 0:48:46]} 20. Rdc1 {[%clk 0:37:10]} Ne5
{[%clk 0:46:34]} 21. Nd5 {[%clk 0:29:45]} Nc6 {[%clk 0:45:55]} 22. Ke1
{[%clk 0:23:17]} Nd4 {[%clk 0:43:48]} 23. Rd2 {[%clk 0:22:53]} Nxe2
{[%clk 0:39:41]} 24. Kxe2 {[%clk 0:23:11]} Ke8 {[%clk 0:25:49]} 25. Rdc2
{[%clk 0:20:58]} b6 {[%clk 0:22:55]} 26. a4 {[%clk 0:19:58]} Rab8
{[%clk 0:20:09]} 27. Kd3 {[%clk 0:19:48]} Rb7 {[%clk 0:16:46]} 28. h3
{[%clk 0:18:53]} f5 {[%clk 0:12:26]} 29. b4 {[%clk 0:16:43]} Be5 {[%clk 0:11:46]}
30. b5 {[%clk 0:16:25]} Bd7 {[%clk 0:07:09]} 31. Ra2 {[%clk 0:14:47]} Be6
{[%clk 0:06:53]} 32. a5 {[%clk 0:13:50]} Bxd5 {[%clk 0:06:37]} 33. exd5
{[%clk 0:13:52]} f4 {[%clk 0:06:37]} 34. Bf2 {[%clk 0:12:32]} Kd7
{[%clk 0:04:58]} 35. axb6 {[%clk 0:12:43]} axb6 {[%clk 0:05:25]} 36. Ra6
{[%clk 0:12:35]} Rcb8 {[%clk 0:05:47]} 37. Rc2 {[%clk 0:11:17]} g5
{[%clk 0:05:38]} 38. Rca2 {[%clk 0:10:42]} e6 {[%clk 0:05:09]} 39. Ra8
{[%clk 0:06:23]} Bf6 {[%clk 0:03:01]} 40. Rxb8 {[%clk 0:06:22]} Rxb8
{[%clk 0:03:29]} 41. Ra7+ {[%clk 0:06:37]} Ke8 {[%clk 0:01:05]} 42. dxe6
{[%clk 0:06:20]} Bd8 {[%clk 0:30:08]} 43. Ke4 {[%clk 0:35:20]} Rc8
{[%clk 0:30:17]} 44. Kd5 {[%clk 0:35:20]} 1-0

[Event "Small Nations"]
[Site "?"]
[Date "2015.04.20"]
[Round "3.12"]
[White "Andreasen, Joan Hendrik"]
[Black "Brookfield, Toby"]
[Result "0-1"]
[BlackElo "1877"]
[WhiteElo "2227"]
[LiveChessVersion "1.4.5"]

1. d4 {[%clk 1:30:53]} f5 {[%clk 1:30:54]} 2. g3 {[%clk 1:25:13]} Nf6
{[%clk 1:31:02]} 3. Bg2 {[%clk 1:25:37]} e6 {[%clk 1:31:16]} 4. Nh3
{[%clk 1:25:41]} Be7 {[%clk 1:31:16]} 5. O-O {[%clk 1:24:18]} O-O
{[%clk 1:31:32]} 6. b3 {[%clk 1:24:15]} d6 {[%clk 1:28:32]} 7. Bb2
{[%clk 1:24:21]} Nc6 {[%clk 1:22:58]} 8. c4 {[%clk 1:19:36]} Qe8 {[%clk 1:19:20]}
9. Nc3 {[%clk 1:16:32]} e5 {[%clk 1:17:33]} 10. e3 {[%clk 1:08:31]} Bd8
{[%clk 1:12:03]} 11. Nd5 {[%clk 0:57:33]} Kh8 {[%clk 1:12:03]} 12. dxe5
{[%clk 0:57:33]} dxe5 {[%clk 1:12:03]} 13. f4 {[%clk 0:57:33]} e4
{[%clk 1:12:03]} 14. Nf2 {[%clk 0:57:33]} Be6 {[%clk 1:12:03]} 15. g4
{[%clk 0:57:33]} Nxg4 {[%clk 1:12:03]} 16. Nxg4 {[%clk 0:57:33]} fxg4
{[%clk 1:12:03]} 17. Qd2 {[%clk 0:57:33]} Bf5 {[%clk 1:12:03]} 18. b4
{[%clk 0:57:33]} Ne7 {[%clk 1:12:03]} 19. Nc3 {[%clk 0:57:33]} Ng6
{[%clk 1:12:03]} 20. Ne2 {[%clk 0:57:33]} Nh4 {[%clk 1:12:03]} 21. Ng3
{[%clk 0:57:33]} Nf3+ {[%clk 1:12:03]} 22. Bxf3 {[%clk 0:57:33]} gxf3
{[%clk 1:12:03]} 23. Nxf5 {[%clk 0:57:33]} Rxf5 {[%clk 1:12:03]} 24. Kh1
{[%clk 0:57:33]} Bf6 {[%clk 1:12:03]} 25. Bxf6 {[%clk 0:57:33]} Rxf6
{[%clk 1:12:03]} 26. Qd5 {[%clk 0:57:33]} Rd8 {[%clk 1:12:03]} 27. Qxb7
{[%clk 0:57:33]} Rd2 {[%clk 1:12:03]} 0-1

[Event "Small Nations"]
[Site "?"]
[Date "2015.04.20"]
[Round "3.13"]
[White "De La Riva Aguado, Oscar"]
[Black "Klerides, Paris"]
[Result "1/2-1/2"]
[BlackElo "2183"]
[WhiteElo "2507"]
[LiveChessVersion "1.4.5"]

1. e4 {[%clk 1:30:54]} d5 {[%clk 1:30:48]} 2. exd5 {[%clk 1:31:00]} Qxd5
{[%clk 1:30:37]} 3. Nf3 {[%clk 1:29:42]} Bg4 {[%clk 1:30:50]} 4. Be2
{[%clk 1:29:51]} Nc6 {[%clk 1:31:11]} 5. d4 {[%clk 1:22:09]} O-O-O
{[%clk 1:28:54]} 6. c4 {[%clk 1:22:03]} Qf5 {[%clk 1:24:48]} 7. Be3
{[%clk 1:20:29]} Nf6 {[%clk 1:17:51]} 8. Nbd2 {[%clk 1:19:51]} e5
{[%clk 1:01:09]} 9. d5 {[%clk 1:20:03]} Nb4 {[%clk 1:01:20]} 10. Rc1
{[%clk 0:29:22]} e4 {[%clk 0:25:53]} 11. Nd4 {[%clk 0:22:19]} Qg6
{[%clk 0:21:11]} 1/2-1/2

[Event "Small Nations"]
[Site "?"]
[Date "2015.04.20"]
[Round "3.14"]
[White "Aristotelous, Vassilis"]
[Black "Garcia Paolicchi, Raul"]
[Result "0-1"]
[BlackElo "2146"]
[WhiteElo "1969"]
[LiveChessVersion "1.4.5"]

1. e4 {[%clk 1:30:51]} c5 {[%clk 1:30:56]} 2. Nc3 {[%clk 1:31:13]} a6
{[%clk 1:31:13]} 3. f4 {[%clk 1:31:32]} b5 {[%clk 1:31:14]} 4. Nf3
{[%clk 1:31:29]} Bb7 {[%clk 1:31:18]} 5. d3 {[%clk 1:31:11]} e6 {[%clk 1:31:23]}
6. g3 {[%clk 1:30:46]} d5 {[%clk 1:30:46]} 7. exd5 {[%clk 1:27:32]} exd5
{[%clk 1:30:40]} 8. Bg2 {[%clk 1:27:41]} Nf6 {[%clk 1:27:25]} 9. O-O
{[%clk 1:27:46]} Be7 {[%clk 1:26:21]} 10. f5 {[%clk 1:15:01]} O-O
{[%clk 1:20:36]} 11. Ne2 {[%clk 1:10:28]} d4 {[%clk 1:13:53]} 12. Nf4
{[%clk 1:03:52]} Ra7 {[%clk 1:05:58]} 13. h3 {[%clk 1:01:32]} Bd6
{[%clk 1:03:32]} 14. Re1 {[%clk 0:52:24]} Qc7 {[%clk 1:00:00]} 15. Nh4
{[%clk 0:44:02]} Nc6 {[%clk 0:53:37]} 16. a4 {[%clk 0:35:16]} Raa8
{[%clk 0:48:56]} 17. Bd2 {[%clk 0:31:54]} Rab8 {[%clk 0:39:37]} 18. axb5
{[%clk 0:31:20]} axb5 {[%clk 0:37:30]} 19. Nf3 {[%clk 0:25:42]} Ne7
{[%clk 0:34:06]} 20. Nh4 {[%clk 0:18:15]} Ned5 {[%clk 0:26:59]} 21. Ba5
{[%clk 0:11:06]} Qd7 {[%clk 0:24:22]} 22. Nxd5 {[%clk 0:11:11]} Nxd5
{[%clk 0:20:28]} 23. Bxd5 {[%clk 0:05:07]} Bxd5 {[%clk 0:20:05]} 24. Qg4
{[%clk 0:04:59]} b4 {[%clk 0:09:46]} 25. c3 {[%clk 0:05:01]} Rfe8
{[%clk 0:07:17]} 26. cxd4 {[%clk 0:02:25]} cxd4 {[%clk 0:07:37]} 27. Rec1
{[%clk 0:01:28]} Re3 {[%clk 0:04:56]} 28. Qxd4 {[%clk 0:01:51]} Rxg3+
{[%clk 0:04:52]} 29. Kf2 {[%clk 0:02:15]} Rxh3 {[%clk 0:04:12]} 30. Rg1
{[%clk 0:02:18]} Bf8 {[%clk 0:03:13]} 31. Rg4 {[%clk 0:01:14]} Rh2+
{[%clk 0:02:59]} 32. Rg2 {[%clk 0:00:45]} Rxg2+ {[%clk 0:02:54]} 33. Nxg2
{[%clk 0:01:01]} Qxf5+ {[%clk 0:03:10]} 34. Qf4 {[%clk 0:00:41]} Bc5+
{[%clk 0:02:11]} 35. Kg3 {[%clk 0:00:37]} Qxf4+ {[%clk 0:02:16]} 36. Nxf4
{[%clk 0:01:05]} Bd6 {[%clk 0:02:14]} 37. Kg4 {[%clk 0:30:29]} 0-1

[Event "Small Nations"]
[Site "?"]
[Date "2015.04.20"]
[Round "3.15"]
[White "Mateu Guiu, Esteve"]
[Black "Kassinopoullos, Doros"]
[Result "1/2-1/2"]
[BlackElo "2099"]
[WhiteElo "2034"]
[LiveChessVersion "1.4.5"]

1. e4 {[%clk 1:30:54]} c5 {[%clk 1:30:52]} 2. Nf3 {[%clk 1:31:15]} Nc6
{[%clk 1:31:15]} 3. Bb5 {[%clk 1:31:15]} g6 {[%clk 1:31:35]} 4. c3
{[%clk 1:30:57]} Bg7 {[%clk 1:31:19]} 5. d4 {[%clk 1:29:54]} cxd4
{[%clk 1:28:29]} 6. cxd4 {[%clk 1:29:01]} Qb6 {[%clk 1:24:07]} 7. Nc3
{[%clk 1:23:53]} Nxd4 {[%clk 1:13:45]} 8. Nd5 {[%clk 1:21:25]} Nxf3+
{[%clk 1:10:41]} 9. Qxf3 {[%clk 1:21:07]} Qd6 {[%clk 1:09:37]} 10. Bf4
{[%clk 1:16:16]} Be5 {[%clk 1:07:34]} 11. Bxe5 {[%clk 1:03:35]} Qxe5
{[%clk 1:08:01]} 12. Rc1 {[%clk 1:03:36]} Kf8 {[%clk 1:05:42]} 13. O-O
{[%clk 0:57:42]} Nf6 {[%clk 1:04:58]} 14. Nc7 {[%clk 0:37:46]} Rb8
{[%clk 1:05:08]} 15. Qa3 {[%clk 0:31:40]} a6 {[%clk 1:04:17]} 16. Qe3
{[%clk 0:31:44]} Ng4 {[%clk 1:02:04]} 17. Qh3 {[%clk 0:29:00]} d6
{[%clk 0:56:43]} 18. Be2 {[%clk 0:27:57]} h5 {[%clk 0:54:59]} 19. Bxg4
{[%clk 0:21:15]} Bxg4 {[%clk 0:43:14]} 20. Qb3 {[%clk 0:19:15]} Kg7
{[%clk 0:41:25]} 21. Qb6 {[%clk 0:17:28]} Be6 {[%clk 0:34:58]} 22. f3
{[%clk 0:12:17]} h4 {[%clk 0:26:41]} 23. Rf2 {[%clk 0:06:50]} g5 {[%clk 0:16:52]}
24. Rfc2 {[%clk 0:05:51]} Rhd8 {[%clk 0:13:24]} 25. Nxe6+ {[%clk 0:03:54]} Qxe6
{[%clk 0:13:31]} 26. Rc7 {[%clk 0:03:44]} Rdc8 {[%clk 0:10:32]} 27. Qd4+
{[%clk 0:02:11]} f6 {[%clk 0:10:19]} 28. Qc3 {[%clk 0:02:25]} Rd8
{[%clk 0:07:42]} 29. Qb4 {[%clk 0:01:45]} Rdc8 {[%clk 0:06:48]} 30. Qc3
{[%clk 0:02:02]} Rd8 {[%clk 0:06:55]} 31. Qb4 {[%clk 0:01:45]} Rdc8
{[%clk 0:07:13]} 1/2-1/2

[Event "Small Nations"]
[Site "?"]
[Date "2015.04.20"]
[Round "3.16"]
[White "Hadjikyriakou, Arsenios"]
[Black "Fernandez Lopez, Joan"]
[Result "1-0"]
[BlackElo "2133"]
[WhiteElo "1859"]
[LiveChessVersion "1.4.5"]

1. d4 {[%clk 1:30:56]} d5 {[%clk 1:30:35]} 2. c4 {[%clk 1:31:20]} c6
{[%clk 1:30:35]} 3. Nc3 {[%clk 1:31:38]} Nf6 {[%clk 1:30:32]} 4. e3
{[%clk 1:31:58]} e6 {[%clk 1:27:41]} 5. Nf3 {[%clk 1:32:18]} Bd6 {[%clk 1:25:52]}
6. b3 {[%clk 1:31:56]} Nbd7 {[%clk 1:21:42]} 7. Bb2 {[%clk 1:30:58]} O-O
{[%clk 1:21:00]} 8. Be2 {[%clk 1:31:20]} Re8 {[%clk 1:15:50]} 9. O-O
{[%clk 1:31:34]} dxc4 {[%clk 1:12:37]} 10. bxc4 {[%clk 1:31:43]} Qc7
{[%clk 1:06:50]} 11. Qc2 {[%clk 1:28:15]} e5 {[%clk 0:58:02]} 12. h3
{[%clk 1:27:59]} a6 {[%clk 0:55:02]} 13. a4 {[%clk 1:17:42]} exd4
{[%clk 0:42:34]} 14. exd4 {[%clk 1:17:46]} Nf8 {[%clk 0:42:59]} 15. Rfe1
{[%clk 1:10:52]} Ng6 {[%clk 0:40:19]} 16. c5 {[%clk 1:00:06]} Bf8
{[%clk 0:36:40]} 17. Bc4 {[%clk 0:59:42]} Rxe1+ {[%clk 0:18:47]} 18. Rxe1
{[%clk 0:59:55]} h6 {[%clk 0:19:16]} 19. Qxg6 {[%clk 0:59:37]} 1-0

[Event "Small Nations"]
[Site "?"]
[Date "2015.04.20"]
[Round "3.17"]
[White "Mooney, Graham"]
[Black "Kobler, Mario"]
[Result "0-1"]
[BlackElo "2108"]
[WhiteElo "1870"]
[LiveChessVersion "1.4.5"]

1. e4 {[%clk 1:30:45]} Nf6 {[%clk 1:30:52]} 2. e5 {[%clk 1:31:00]} Nd5
{[%clk 1:31:11]} 3. d4 {[%clk 1:30:55]} d6 {[%clk 1:31:35]} 4. exd6
{[%clk 1:30:39]} exd6 {[%clk 1:31:51]} 5. c4 {[%clk 1:30:41]} Nf6
{[%clk 1:31:08]} 6. Nc3 {[%clk 1:29:58]} Be7 {[%clk 1:30:56]} 7. Nf3
{[%clk 1:29:55]} c6 {[%clk 1:29:35]} 8. Be2 {[%clk 1:28:52]} d5 {[%clk 1:27:24]}
9. O-O {[%clk 1:25:59]} O-O {[%clk 1:27:39]} 10. h3 {[%clk 1:22:39]} h6
{[%clk 1:27:27]} 11. Bf4 {[%clk 1:17:00]} Be6 {[%clk 1:27:27]} 12. cxd5
{[%clk 1:17:00]} Nxd5 {[%clk 1:27:27]} 13. Bg3 {[%clk 1:17:00]} Nd7
{[%clk 1:27:27]} 14. Ne5 {[%clk 1:17:00]} N7f6 {[%clk 1:27:27]} 15. Nxd5
{[%clk 1:17:00]} Nxd5 {[%clk 1:27:27]} 16. Nf3 {[%clk 1:17:00]} Qb6
{[%clk 1:27:27]} 17. Qd2 {[%clk 1:17:00]} Rfe8 {[%clk 1:27:27]} 18. a3
{[%clk 1:17:00]} Rad8 {[%clk 1:27:27]} 19. Rad1 {[%clk 1:17:00]} Nf6
{[%clk 1:27:27]} 20. Bd3 {[%clk 1:17:00]} Bd5 {[%clk 1:27:27]} 21. Ne5
{[%clk 1:17:00]} Nh5 {[%clk 1:27:27]} 22. Bh2 {[%clk 1:17:00]} Bg5
{[%clk 1:27:27]} 23. Qb4 {[%clk 1:17:00]} Qxb4 {[%clk 1:27:27]} 24. axb4
{[%clk 1:17:00]} a6 {[%clk 1:27:27]} 25. Bc4 {[%clk 1:17:00]} Be7
{[%clk 1:27:27]} 26. Bxd5 {[%clk 1:17:00]} Rxd5 {[%clk 1:27:27]} 27. Nd3
{[%clk 1:17:00]} Rxd4 {[%clk 1:27:27]} 28. Be5 {[%clk 1:17:00]} Rd5
{[%clk 1:27:27]} 29. Bc7 {[%clk 1:17:00]} Rc8 {[%clk 1:27:27]} 30. Bb6
{[%clk 1:17:00]} Nf6 {[%clk 1:27:27]} 31. Nc5 {[%clk 1:17:00]} Bxc5
{[%clk 1:27:27]} 32. Bxc5 {[%clk 1:17:00]} Re8 {[%clk 1:27:27]} 33. Rfe1
{[%clk 1:17:00]} Rxd1 {[%clk 1:27:27]} 34. Rxd1 {[%clk 1:17:00]} Nd5
{[%clk 1:27:27]} 35. Kf1 {[%clk 1:17:00]} f5 {[%clk 1:27:27]} 36. Re1
{[%clk 1:17:00]} Rxe1+ {[%clk 1:27:27]} 37. Kxe1 {[%clk 1:17:00]} Kf7
{[%clk 1:27:27]} 38. g3 {[%clk 1:17:00]} g5 {[%clk 1:27:27]} 39. Kd2
{[%clk 1:17:00]} h5 {[%clk 1:27:27]} 40. Kd3 {[%clk 1:17:00]} b6 {[%clk 1:27:27]}
41. Bd6 {[%clk 1:17:00]} Ke6 {[%clk 1:27:27]} 42. Bf8 {[%clk 1:17:00]} Nf6
{[%clk 1:27:27]} 43. Bh6 {[%clk 1:17:00]} Ne4 {[%clk 1:27:27]} 44. Ke3
{[%clk 1:17:00]} g4 {[%clk 1:27:27]} 45. hxg4 {[%clk 1:17:00]} hxg4
{[%clk 1:27:27]} 46. Ke2 {[%clk 1:17:00]} Kd5 {[%clk 1:27:27]} 47. Be3
{[%clk 1:17:00]} a5 {[%clk 1:27:27]} 48. bxa5 {[%clk 1:17:00]} bxa5
{[%clk 1:27:27]} 49. Kd3 {[%clk 1:17:00]} a4 {[%clk 1:27:27]} 50. Kc2
{[%clk 1:17:00]} Kc4 {[%clk 1:27:27]} 51. Kd1 {[%clk 1:17:00]} Kd3
{[%clk 1:27:27]} 52. Ke1 {[%clk 1:17:00]} Nxg3 {[%clk 1:27:27]} 53. Bb6
{[%clk 1:17:00]} Ne4 {[%clk 1:27:27]} 54. Kf1 {[%clk 1:17:00]} Nd2+
{[%clk 1:27:27]} 55. Kg2 {[%clk 1:17:00]} Nc4 {[%clk 1:27:27]} 56. Bd8
{[%clk 1:17:00]} Nxb2 {[%clk 1:27:27]} 57. Kg3 {[%clk 1:17:00]} a3
{[%clk 1:27:27]} 58. Bf6 {[%clk 1:17:00]} Kc2 {[%clk 1:27:27]} 0-1

[Event "Small Nations"]
[Site "?"]
[Date "2015.04.20"]
[Round "3.18"]
[White "Frick, Renato"]
[Black "Hawes, Jonathan"]
[Result "0-1"]
[BlackElo "2158"]
[WhiteElo "2056"]
[LiveChessVersion "1.4.5"]

1. e4 {[%clk 1:30:57]} e6 {[%clk 1:30:59]} 2. d4 {[%clk 1:31:20]} d5
{[%clk 1:31:26]} 3. Nc3 {[%clk 1:31:43]} Bb4 {[%clk 1:31:52]} 4. e5
{[%clk 1:32:07]} Qd7 {[%clk 1:32:20]} 5. a3 {[%clk 1:27:42]} Bf8 {[%clk 1:31:50]}
6. Qg4 {[%clk 1:12:45]} b6 {[%clk 1:27:52]} 7. Nf3 {[%clk 1:10:39]} Ba6
{[%clk 1:25:15]} 8. Bxa6 {[%clk 1:08:53]} Nxa6 {[%clk 1:24:16]} 9. O-O
{[%clk 1:05:42]} Ne7 {[%clk 1:21:37]} 10. Rd1 {[%clk 1:03:14]} Nf5
{[%clk 1:17:34]} 11. Qh3 {[%clk 0:58:36]} c5 {[%clk 1:15:35]} 12. dxc5
{[%clk 0:55:45]} Nxc5 {[%clk 1:10:32]} 13. g4 {[%clk 0:54:26]} Ne7
{[%clk 1:10:27]} 14. b4 {[%clk 0:52:06]} Nb7 {[%clk 1:10:07]} 15. Bb2
{[%clk 0:35:05]} Ng6 {[%clk 1:05:37]} 16. Ne2 {[%clk 0:29:35]} Rc8
{[%clk 1:05:00]} 17. c3 {[%clk 0:25:27]} Be7 {[%clk 1:03:23]} 18. Rac1
{[%clk 0:23:36]} Qa4 {[%clk 1:01:13]} 19. Ned4 {[%clk 0:21:42]} O-O
{[%clk 0:59:06]} 20. Qg3 {[%clk 0:21:44]} Qd7 {[%clk 0:56:14]} 21. h4
{[%clk 0:17:05]} f6 {[%clk 0:56:20]} 22. h5 {[%clk 0:17:00]} Nxe5
{[%clk 0:56:20]} 23. Nxe5 {[%clk 0:17:21]} fxe5 {[%clk 0:56:48]} 24. Qxe5
{[%clk 0:17:39]} Nd8 {[%clk 0:56:31]} 25. Re1 {[%clk 0:09:22]} Bd6
{[%clk 0:53:16]} 26. Qe2 {[%clk 0:09:46]} Rc4 {[%clk 0:44:39]} 27. f3
{[%clk 0:06:43]} Bf4 {[%clk 0:43:11]} 28. Rcd1 {[%clk 0:06:57]} Rf6
{[%clk 0:42:14]} 29. Kg2 {[%clk 0:03:56]} Kf7 {[%clk 0:38:13]} 30. Qd3
{[%clk 0:01:47]} Kg8 {[%clk 0:36:47]} 31. Ne2 {[%clk 0:01:58]} Qc7
{[%clk 0:35:19]} 32. Rh1 {[%clk 0:02:04]} Nf7 {[%clk 0:34:51]} 33. Nxf4
{[%clk 0:01:07]} Rcxf4 {[%clk 0:33:22]} 34. Rh3 {[%clk 0:01:26]} Ne5
{[%clk 0:32:26]} 35. Qe3 {[%clk 0:01:32]} Rxf3 {[%clk 0:32:18]} 36. Rxf3
{[%clk 0:01:41]} Nxf3 {[%clk 0:29:05]} 37. Rh1 {[%clk 0:02:05]} Qc4
{[%clk 0:27:49]} 38. Rh3 {[%clk 0:02:21]} Nd2 0-1

[Event "Small Nations"]
[Site "?"]
[Date "2015.04.20"]
[Round "3.19"]
[White "Kahn, Tito"]
[Black "Guller, Andras"]
[Result "1/2-1/2"]
[BlackElo "2003"]
[WhiteElo "1942"]
[LiveChessVersion "1.4.5"]

1. d4 {[%clk 1:30:58]} d5 {[%clk 1:30:39]} 2. Nf3 {[%clk 1:31:19]} Nf6
{[%clk 1:30:31]} 3. Bf4 {[%clk 1:31:37]} c6 {[%clk 1:30:05]} 4. c3
{[%clk 1:28:05]} Nbd7 {[%clk 1:28:34]} 5. Nbd2 {[%clk 1:28:18]} g6
{[%clk 1:27:28]} 6. h3 {[%clk 1:22:43]} Bg7 {[%clk 1:27:10]} 7. e3
{[%clk 1:20:50]} O-O {[%clk 1:23:00]} 8. Bd3 {[%clk 1:20:57]} Re8
{[%clk 1:17:40]} 9. Ne5 {[%clk 1:20:42]} Nh5 {[%clk 1:10:26]} 10. Bh2
{[%clk 1:20:37]} Nxe5 {[%clk 1:09:41]} 11. dxe5 {[%clk 1:20:27]} Bh8
{[%clk 1:07:40]} 12. O-O {[%clk 1:01:33]} Ng7 {[%clk 1:05:17]} 13. Qc2
{[%clk 1:01:15]} b6 {[%clk 0:59:38]} 14. Rad1 {[%clk 0:56:25]} Bb7
{[%clk 0:58:08]} 15. e4 {[%clk 0:53:17]} e6 {[%clk 0:56:40]} 16. f4
{[%clk 0:48:57]} f5 {[%clk 0:48:39]} 17. exd5 {[%clk 0:38:35]} exd5
{[%clk 0:43:11]} 18. Nc4 {[%clk 0:38:28]} Re6 {[%clk 0:33:40]} 19. Nd6
{[%clk 0:38:30]} Rxd6 {[%clk 0:34:03]} 20. exd6 {[%clk 0:38:58]} Qxd6
{[%clk 0:34:24]} 21. Kh1 {[%clk 0:29:30]} Ne6 {[%clk 0:33:05]} 22. Rde1
{[%clk 0:26:34]} Nc5 {[%clk 0:31:01]} 23. Bg1 {[%clk 0:24:51]} Ne4
{[%clk 0:27:55]} 24. Bxe4 {[%clk 0:24:23]} fxe4 {[%clk 0:28:15]} 25. f5
{[%clk 0:20:49]} Ba6 {[%clk 0:24:51]} 26. Rf2 {[%clk 0:15:47]} Be5
{[%clk 0:21:40]} 27. fxg6 {[%clk 0:11:43]} 1/2-1/2

[Event "Small Nations"]
[Site "?"]
[Date "2015.04.20"]
[Round "3.20"]
[White "Muendle, Kurt"]
[Black "Forbes, Garry"]
[Result "1/2-1/2"]
[BlackElo "1908"]
[WhiteElo "1863"]
[LiveChessVersion "1.4.5"]

1. d4 {[%clk 1:30:51]} g6 {[%clk 1:30:58]} 2. c4 {[%clk 1:31:03]} Bg7
{[%clk 1:31:25]} 3. Nc3 {[%clk 1:30:55]} d6 {[%clk 1:31:52]} 4. e4
{[%clk 1:30:28]} Nf6 {[%clk 1:32:19]} 5. h3 {[%clk 1:28:27]} O-O {[%clk 1:32:38]}
6. Nf3 {[%clk 1:28:26]} c5 {[%clk 1:29:29]} 7. d5 {[%clk 1:27:24]} Na6
{[%clk 1:25:43]} 8. Be2 {[%clk 1:26:21]} Nc7 {[%clk 1:26:06]} 9. O-O
{[%clk 1:24:44]} a6 {[%clk 1:26:23]} 10. Qc2 {[%clk 1:23:11]} Rb8
{[%clk 1:23:13]} 11. a4 {[%clk 1:21:19]} Bd7 {[%clk 1:13:10]} 12. a5
{[%clk 1:12:54]} b5 {[%clk 1:10:59]} 13. axb6 {[%clk 1:12:53]} Rxb6
{[%clk 1:11:28]} 14. Bd2 {[%clk 1:07:09]} Qb8 {[%clk 0:56:34]} 15. Rfb1
{[%clk 1:06:29]} Qb7 {[%clk 0:53:06]} 16. Ne1 {[%clk 1:00:31]} e6
{[%clk 0:49:44]} 17. Nd3 {[%clk 0:47:30]} exd5 {[%clk 0:46:59]} 18. exd5
{[%clk 0:47:04]} Re8 {[%clk 0:41:39]} 19. Bf1 {[%clk 0:42:23]} Rb8
{[%clk 0:38:18]} 20. g4 {[%clk 0:37:24]} h6 {[%clk 0:33:34]} 21. f3
{[%clk 0:30:47]} Qc8 {[%clk 0:32:28]} 22. Re1 {[%clk 0:24:02]} Qd8
{[%clk 0:27:54]} 23. Re2 {[%clk 0:21:48]} Qf8 {[%clk 0:20:41]} 24. Rae1
{[%clk 0:21:06]} Re8 {[%clk 0:20:35]} 25. Bf4 {[%clk 0:17:07]} Rxe2
{[%clk 0:18:49]} 1/2-1/2

[Event "Small Nations"]
[Site "?"]
[Date "2015.04.21"]
[Round "4.5"]
[White "Nielsen, Hogni Egilstoft"]
[Black "Efimov, Igor"]
[Result "1/2-1/2"]
[BlackElo "2398"]
[WhiteElo "2382"]
[LiveChessVersion "1.4.5"]

1. e4 {[%clk 1:30:54]} d6 {[%clk 1:30:33]} 2. d4 {[%clk 1:31:01]} Nf6
{[%clk 1:30:54]} 3. Nc3 {[%clk 1:31:19]} e5 {[%clk 1:31:02]} 4. Nf3
{[%clk 1:30:55]} Nbd7 {[%clk 1:31:25]} 5. Bc4 {[%clk 1:31:04]} Be7
{[%clk 1:31:26]} 6. O-O {[%clk 1:30:42]} O-O {[%clk 1:31:50]} 7. Re1
{[%clk 1:29:33]} c6 {[%clk 1:30:52]} 8. a4 {[%clk 1:29:14]} a5 {[%clk 1:30:11]}
9. h3 {[%clk 1:27:32]} Nb6 {[%clk 1:27:10]} 10. Bf1 {[%clk 1:26:35]} Nfd7
{[%clk 1:26:09]} 11. Be3 {[%clk 1:05:28]} Qc7 {[%clk 1:19:38]} 12. Qd2
{[%clk 0:54:55]} Rd8 {[%clk 1:15:15]} 13. Rad1 {[%clk 0:49:47]} Nf8
{[%clk 1:10:25]} 14. Qc1 {[%clk 0:41:01]} Ng6 {[%clk 1:07:11]} 15. Qa1
{[%clk 0:33:21]} h6 {[%clk 0:54:02]} 16. b3 {[%clk 0:28:09]} Nd7 {[%clk 0:40:34]}
17. Ne2 {[%clk 0:25:45]} Nf6 {[%clk 0:38:36]} 18. Ng3 {[%clk 0:24:42]} Bf8
{[%clk 0:36:26]} 19. dxe5 {[%clk 0:21:19]} dxe5 {[%clk 0:30:51]} 20. Rxd8
{[%clk 0:21:12]} Qxd8 {[%clk 0:31:19]} 21. Nxe5 {[%clk 0:20:37]} Nxe5
{[%clk 0:31:25]} 22. Qxe5 {[%clk 0:21:00]} Bb4 {[%clk 0:31:40]} 23. c3
{[%clk 0:19:13]} Bf8 {[%clk 0:28:29]} 24. Bc4 {[%clk 0:17:56]} Bd7
{[%clk 0:26:18]} 25. Rd1 {[%clk 0:17:05]} Qe8 {[%clk 0:25:59]} 26. Qxe8
{[%clk 0:16:14]} Bxe8 {[%clk 0:25:53]} 27. e5 {[%clk 0:11:58]} b5
{[%clk 0:25:24]} 28. axb5 {[%clk 0:08:59]} cxb5 {[%clk 0:25:52]} 29. Be2
{[%clk 0:09:07]} Nh7 {[%clk 0:25:47]} 30. Ne4 {[%clk 0:06:43]} a4
{[%clk 0:24:51]} 31. b4 {[%clk 0:05:46]} Bc6 {[%clk 0:23:16]} 32. Nd6
{[%clk 0:01:21]} Rb8 {[%clk 0:22:16]} 33. Ba7 {[%clk 0:00:55]} Ra8
{[%clk 0:22:44]} 34. Bxb5 {[%clk 0:00:44]} Bxg2 {[%clk 0:22:41]} 35. Kxg2
{[%clk 0:00:43]} Rxa7 {[%clk 0:23:10]} 36. Ra1 {[%clk 0:00:42]} a3
{[%clk 0:23:29]} 37. Nc4 {[%clk 0:00:42]} a2 {[%clk 0:23:54]} 38. Na5
{[%clk 0:00:45]} Ng5 {[%clk 0:21:34]} 39. Bc6 {[%clk 0:00:43]} Re7
{[%clk 0:21:04]} 40. f4 {[%clk 0:00:37]} Ne6 {[%clk 0:21:32]} 41. Kf3
{[%clk 0:27:55]} g5 {[%clk 0:51:11]} 42. b5 {[%clk 0:13:00]} Nxf4
{[%clk 0:50:59]} 43. Rxa2 {[%clk 0:03:59]} Rxe5 {[%clk 0:51:19]} 44. Nb3
{[%clk 0:02:08]} Ne6 {[%clk 0:48:04]} 45. Ra8 {[%clk 0:01:26]} Re1
{[%clk 0:48:32]} 46. b6 {[%clk 0:01:13]} Rc1 {[%clk 0:48:54]} 47. Ke4
{[%clk 0:00:37]} Rxc3 {[%clk 0:49:22]} 48. Bd5 {[%clk 0:00:38]} Kg7
{[%clk 0:49:40]} 49. Bxe6 {[%clk 0:00:34]} fxe6 {[%clk 0:50:09]} 50. Nd4
{[%clk 0:00:39]} Bd6 {[%clk 0:50:14]} 51. Rd8 {[%clk 0:00:37]} Bh2
{[%clk 0:50:34]} 52. b7 {[%clk 0:00:39]} Rxh3 {[%clk 0:49:22]} 53. Nxe6+
{[%clk 0:00:37]} Kf6 {[%clk 0:49:42]} 54. Nc5 {[%clk 0:00:35]} Rh4+
{[%clk 0:49:54]} 55. Kf3 {[%clk 0:00:35]} Rb4 {[%clk 0:50:18]} 56. b8=Q
{[%clk 0:00:35]} Bxb8 {[%clk 0:50:36]} 57. Rxb8 {[%clk 0:00:51]} Rxb8 1/2-1/2